MARC details
| 000 -LEADER |
| fixed length control field |
01862cam a22004454a 4500 |
| 001 - CONTROL NUMBER |
| control field |
7923639 |
| 003 - CONTROL NUMBER IDENTIFIER |
| control field |
ARRUPE |
| 005 - DATE AND TIME OF LATEST TRANSACTION |
| control field |
20140529020004.0 |
| 008 - FIXED-LENGTH DATA ELEMENTS--GENERAL INFORMATION |
| fixed length control field |
050921s2005 enka b 001 0 eng |
| 010 ## - LIBRARY OF CONGRESS CONTROL NUMBER |
| LC control number |
2005027741 |
| 020 ## - INTERNATIONAL STANDARD BOOK NUMBER |
| International Standard Book Number |
0192853929 (alk. paper) |
| 020 ## - INTERNATIONAL STANDARD BOOK NUMBER |
| International Standard Book Number |
9780192853929 |
| 035 ## - SYSTEM CONTROL NUMBER |
| System control number |
(OCoLC)ocm61704761 |
| 035 ## - SYSTEM CONTROL NUMBER |
| System control number |
(NNC)7923639 |
| 040 ## - CATALOGING SOURCE |
| Original cataloging agency |
DLC |
| Transcribing agency |
DLC |
| Modifying agency |
BAKER |
| -- |
BWKUK |
| -- |
EUW |
| -- |
IXA |
| -- |
XVF |
| -- |
NLGGC |
| -- |
YDXCP |
| -- |
BTCTA |
| -- |
IG# |
| -- |
COO |
| -- |
CHA |
| -- |
OCLCQ |
| 042 ## - AUTHENTICATION CODE |
| Authentication code |
pcc |
| 050 00 - LIBRARY OF CONGRESS CALL NUMBER |
| Classification number |
QP376 |
| Item number |
.O84 2005 |
| 082 00 - DEWEY DECIMAL CLASSIFICATION NUMBER |
| Classification number |
612.8/2 |
| Edition number |
22 |
| 084 ## - OTHER CLASSIFICATION NUMBER |
| Classification number |
77.50 |
| Source of number |
bcl |
| 300 ## - PHYSICAL DESCRIPTION |
| Other physical details |
ill. ; |
| Dimensions |
18 cm. |
| 100 1# - MAIN ENTRY--PERSONAL NAME |
| Personal name |
O'Shea, Michael, |
| Dates associated with a name |
1947- |
| 9 (RLIN) |
9792 |
| 245 14 - TITLE STATEMENT |
| Title |
The brain : |
| Remainder of title |
a very short introduction / |
| Statement of responsibility, etc |
Michael O'Shea. |
| 260 ## - PUBLICATION, DISTRIBUTION, ETC. (IMPRINT) |
| Place of publication, distribution, etc |
Oxford ; |
| -- |
New York : |
| Name of publisher, distributor, etc |
Oxford University Press, |
| Date of publication, distribution, etc |
2005. |
| 300 ## - PHYSICAL DESCRIPTION |
| Extent |
xii, 136 p. : |
| 490 1# - SERIES STATEMENT |
| Series statement |
Very short introductions ; |
| Volume number/sequential designation |
144 |
| 504 ## - BIBLIOGRAPHY, ETC. NOTE |
| Bibliography, etc |
Includes bibliographical references (p. 125-127) and index. |
| 505 0# - FORMATTED CONTENTS NOTE |
| Formatted contents note |
Thinking about the brain -- From humours to cells : components of mind -- Signalling in the brain : getting connected -- From the big bang to the big brain -- Sensing, perceiving, and acting -- Memories are made of this -- Broken brain : invention and intervention. |
| 650 #0 - SUBJECT ADDED ENTRY--TOPICAL TERM |
| Topical term or geographic name as entry element |
Brain. |
| 9 (RLIN) |
9793 |
| 650 #0 - SUBJECT ADDED ENTRY--TOPICAL TERM |
| Topical term or geographic name as entry element |
Neurosciences. |
| 9 (RLIN) |
9794 |
| 650 #7 - SUBJECT ADDED ENTRY--TOPICAL TERM |
| Topical term or geographic name as entry element |
Cerebro. |
| Source of heading or term |
bidex |
| 9 (RLIN) |
9795 |
| 650 17 - SUBJECT ADDED ENTRY--TOPICAL TERM |
| Topical term or geographic name as entry element |
Hersenen. |
| Source of heading or term |
gtt |
| 9 (RLIN) |
9796 |
| 650 #2 - SUBJECT ADDED ENTRY--TOPICAL TERM |
| Topical term or geographic name as entry element |
Brain. |
| 9 (RLIN) |
9797 |
| 830 #0 - SERIES ADDED ENTRY--UNIFORM TITLE |
| Uniform title |
Very short introductions ; |
| Volume number/sequential designation |
144. |
| 9 (RLIN) |
9798 |
| 856 41 - ELECTRONIC LOCATION AND ACCESS |
| Materials specified |
Table of contents only |
| Uniform Resource Identifier |
<a href="http://www.loc.gov/catdir/toc/ecip0519/2005027741.html">http://www.loc.gov/catdir/toc/ecip0519/2005027741.html</a> |
| 856 42 - ELECTRONIC LOCATION AND ACCESS |
| Materials specified |
Publisher description |
| Uniform Resource Identifier |
<a href="http://www.loc.gov/catdir/enhancements/fy0638/2005027741-d.html">http://www.loc.gov/catdir/enhancements/fy0638/2005027741-d.html</a> |
| 856 42 - ELECTRONIC LOCATION AND ACCESS |
| Materials specified |
Contributor biographical information |
| Uniform Resource Identifier |
<a href="http://www.loc.gov/catdir/enhancements/fy0724/2005027741-b.html">http://www.loc.gov/catdir/enhancements/fy0724/2005027741-b.html</a> |
| 942 ## - ADDED ENTRY ELEMENTS (KOHA) |
| Source of classification or shelving scheme |
Library of Congress Classification |
| Koha item type |
Monograph ( Printed materials) |
| Koha issues (borrowed), all copies |
2 |
| 948 1# - LOCAL PROCESSING INFORMATION (OCLC); SERIES PART DESIGNATOR (RLIN) |
| Series part designator, SPT (RLIN) |
20100831 |
| b (OCLC) |
c |
| c (OCLC) |
rad1 |
| d (OCLC) |
MPS |
| 948 2# - LOCAL PROCESSING INFORMATION (OCLC); SERIES PART DESIGNATOR (RLIN) |
| Series part designator, SPT (RLIN) |
20100831 |
| b (OCLC) |
a |
| c (OCLC) |
rad1 |
| d (OCLC) |
MPS |